Schaum's outline of theory and problems of cost accounting / (Record no. 1055)
[ view plain ]
| 000 -LEADER | |
|---|---|
| fixed length control field | 00610nac a22001691u 4500 |
| 008 - FIXED-LENGTH DATA ELEMENTS--GENERAL INFORMATION | |
| fixed length control field | 081201t2004 ii |||||r|||| 001 0 eng d |
| 010 ## - LIBRARY OF CONGRESS CONTROL NUMBER | |
| LC control number | 77028589 |
| 020 ## - INTERNATIONAL STANDARD BOOK NUMBER | |
| International Standard Book Number | 0070588805 |
| 082 00 - DEWEY DECIMAL CLASSIFICATION NUMBER | |
| Classification number | 657.42076 |
| Item number | CAS |
| Edition number | 22 |
| 100 ## - MAIN ENTRY--PERSONAL NAME | |
| Personal name | Cashin, James A. |
| 9 (RLIN) | 33534 |
| 245 10 - TITLE STATEMENT | |
| Title | Schaum's outline of theory and problems of cost accounting / |
| Statement of responsibility, etc | by James A. Cashin and Ralph S. Polimeni, Sheila A. Handy. |
| 260 ## - PUBLICATION, DISTRIBUTION, ETC. (IMPRINT) | |
| Place of publication, distribution, etc | New Delhi : |
| Name of publisher, distributor, etc | McGraw-Hill, |
| Date of publication, distribution, etc | 2004. |
| 300 ## - PHYSICAL DESCRIPTION | |
| Extent | 226 p. : |
| Other physical details | ill. ; |
| Dimensions | 28 cm. |
| 500 ## - GENERAL NOTE | |
| General note | Includes index. |
| 740 ## - ADDED ENTRY--UNCONTROLLED RELATED/ANALYTICAL TITLE | |
| Uncontrolled related/analytical title | Outline of theory and problems of cost accounting. |
| 942 ## - ADDED ENTRY ELEMENTS (KOHA) | |
| Item type | Book - Borrowing |
| Call number prefix | 657.42076CAS |
| Source of classification or shelving scheme | Dewey Decimal Classification |
| Withdrawn status | Item status | Damaged status | Not for loan | Home library | Current library | Shelving location | Date acquired | Source of acquisition | Total Checkouts | Total Renewals | Full call number | Barcode | Date last seen | Date last borrowed | Koha item type |
|---|---|---|---|---|---|---|---|---|---|---|---|---|---|---|---|
| Central Library | Central Library | First floor | 17/08/2006 | Purchase | 2 | 1 | 657.42076 CAS | 000003443 | 15/07/2025 | 05/09/2012 | Book - Borrowing | ||||
| Central Library | Central Library | First floor | 17/08/2006 | Purchase | 1 | 657.42076 CAS | 000003442 | 15/07/2025 | 13/02/2012 | Book - Borrowing |